| 000 | 004140000a22001690004500 | ||
|---|---|---|---|
| 003 | LK-CoMWRAF | ||
| 008 | 230817t ||||| |||| 00| 0 eng d | ||
| 040 |
_aLK-CoMWRAF _dLK-CoMWRAF _eLK-CoMWRAF |
||
| 041 | _aeng | ||
| 082 |
_a007 _bMAR |
||
| 245 |
_aThe Muslim Marriage and Divorce Report _b |
||
| 260 |
_aColombo _b _c1989 |
||
| 300 | _ap.112 | ||
| 490 | _aVolume-V | ||
| 650 | _aMuslim Law-SL | ||
| 942 | _cBK | ||
| 999 |
_c186 _d186 |
||